| 000 | 00346nam a2200133Ia 4500 | ||
|---|---|---|---|
| 008 | 240624s9999 xx 000 0 und d | ||
| 041 | _aeng | ||
| 082 | _a332.4 NOR | ||
| 100 | _aNORRIS JAY | ||
| 245 | _aMASTERING THE CURRENCY MARKET FOREX STRA | ||
| 260 |
_c2010 _aNew York _bMcGraw-Hill |
||
| 300 | _axii, : 305 : p. : cm. ; 23 | ||
| 365 |
_c _b30 |
||
| 999 |
_c14813 _d14813 |
||